000 00991cam a2200277 a 4500
001 000007327
005 20200929154132.0
008 020606s1945 ag 000 0 spa d
040 _aDO-SdBNP
_cDLC
_dBNPHU
041 1 7 _aspa
_hger
_2Código de idioma MARC
043 _ae-sp---
082 _a909.04924046
_bM322e
100 1 _aMarcu, Valeriu,
_d1899-1942.
_920372
240 1 0 _a[Vertreibung der Juden aus Spanien].
_lSpanish
245 1 3 _aLa expulsión de los judios de España /
_cValeriu Marcu ; traducción de Sigifredo Krebs.
260 _aBuenos Aires :
_bM. Gleizer,
_c1945.
300 _a187, [4] p. ;
_c28 cm.
650 4 _aJudíos en españa
_920373
650 4 _aMarranos (judíos)
_zEspaña
_zCiudad Real
_xHistoria
_920374
650 4 _aPersecuciones a los judios
_920375
650 4 _aJudíos
_xHistoria
_97449
650 4 _aInquisición
_zEspaña
_zCiudad Real
_xHistoria
_920376
700 1 _aKrebs, Sigifredo,
_etr.
_920377
910 _aCatalogación derivada
049 _aBNGR
999 _c7108
_d7108